|
|
|
|
| LEADER |
00000naa2a2200000 4500 |
| 001 |
237854 |
| 005 |
20231031204948.0 |
| 035 |
|
|
|a (RuTPU)RU\TPU\book\259031
|
| 035 |
|
|
|a RU\TPU\book\259030
|
| 090 |
|
|
|a 237854
|
| 100 |
|
|
|a 20130517d2011 k y0rusy50 ca
|
| 101 |
0 |
|
|a rus
|
| 102 |
|
|
|a RU
|
| 200 |
1 |
|
|a Локальное загрязнение р. Томь в районе п. Орловка (Томская область)
|f С. К. Леушина, Р. Ф. Зарубина
|
| 320 |
|
|
|a Библиогр.: 7 (назв.)
|
| 463 |
|
0 |
|0 (RuTPU)RU\TPU\book\250268
|y 978-5-89503-488-0
|t Проблемы гидрогеологии, инженерной геологии и гидрогеоэкологии
|o материалы Всероссийской научной конференции, посвященной 80-летию кафедры гидрогеологии, инженерной геологии и гидроэкологии Томского политехнического университета, г. Томск, октябрь 2010 г.
|f Национальный исследовательский Томский политехнический университет (ТПУ), Институт природных ресурсов (ИПР) ; под ред. С. Л. Шварцева
|v С. 244-250
|d 2011
|p 720 с.
|
| 610 |
1 |
|
|a труды учёных ТПУ
|
| 610 |
1 |
|
|a реки
|
| 610 |
1 |
|
|a загрязнения
|
| 610 |
1 |
|
|a Томская область
|
| 610 |
1 |
|
|a Томь
|
| 610 |
1 |
|
|a Орловка
|
| 610 |
1 |
|
|a сточные воды
|
| 610 |
1 |
|
|a химический состав
|
| 610 |
1 |
|
|a концентрация
|
| 610 |
1 |
|
|a очистка
|
| 610 |
1 |
|
|a эффективность
|
| 700 |
|
1 |
|a Леушина
|b С. К.
|
| 701 |
|
1 |
|a Зарубина
|b Р. Ф.
|c российский гидрогеолог
|c доцент Томского политехнического университета
|f 1945-
|g Раиса Фёдоровна
|2 stltpush
|3 (RuTPU)RU\TPU\pers\26085
|
| 801 |
|
1 |
|a RU
|b 63413507
|c 20130517
|
| 801 |
|
2 |
|a RU
|b 63413507
|c 20130708
|g RCR
|
| 942 |
|
|
|c BK
|